00876nam a2200241Ia 4500003000400000005001700004008004100021020001800062040001800080041000800098082002100106100002600127245007800153250001200231260005500243300002700298650002700325650002800352650003800380942003100418999001900449952016600468OSt20250305101120.0210716s2009 xx 000 0 und d a9788120337091 cAIMIT LIBRARY aeng a006.67121bHARB aHarwani, B M.9204016 aJava server faces : bpractical approach for beginners /cBy B M Harwani. a1st ed. aNew Delhi :bPHI Learning private limited ,c2009. axii,331p. ;bPBc24 cm aEvent handling9204017 aPage navigation9204018 aCreating custom component9204019 2ddccBKe1stk006.671 HARB c190324d190324 00102ddc40708MCAaAIMITbAIMITeCurrent Booksg325.00iBill no:27; Bill dt:2010-04-30l0o006.671 HARBpMCA09832r2025-07-21 00:00:00v234.00w2021-07-16yBK